Hodnotenie stratégie marketingovej komunikácie podniku diplomová práca

Enregistré dans:
Détails bibliographiques
Auteur principal: Horváthová, Dóra
Collectivité auteur: Fakulta podnikového manažmentu EU. Katedra podnikovohospodárska
Autres auteurs: Bukovová, Sylvia, 1959-
Format: Livre
Langue:slovaque
Publié: Bratislava 2023
Tags: Ajouter un tag
Pas de tags, Soyez le premier à ajouter un tag!

MARC

LEADER 00000nbm a2200000 4500
001 0293575
005 20240509130822.0
041 0 |a slo 
044 |a SK 
245 1 0 |a Hodnotenie stratégie marketingovej komunikácie podniku  |b diplomová práca  |c Dóra Horváthová ; školiteľ: Sylvia Bukovová 
264 1 |a Bratislava  |c 2023 
300 |a 78 s. 
100 1 |a Horváthová, Dóra 
700 1 |a Bukovová, Sylvia, 1959- 
710 2 |a Fakulta podnikového manažmentu EU. Katedra podnikovohospodárska